书目信息 |
| 题名: |
化工热力学
|
|
| 作者: | 施云海 主编 ;王艳莉 , 彭阳峰 , 彭昌军 编写 | |
| 分册: | ||
| 出版信息: | 上海 华东理工大学出版社 2013.08 |
|
| 页数: | 388页 | |
| 开本: | 26cm | |
| 丛书名: | ||
| 单 册: | ||
| 中图分类: | TQ013.1 | |
| 科图分类: | ||
| 主题词: | 化工热力学--高等教育--教材 , 化工热力学 | |
| 电子资源: | ||
| ISBN: | 978-7-5628-3615-5 | |
| 000 | 01269nam0 2200337 450 | |
| 001 | 012013158955 | |
| 005 | 20140610105152.78 | |
| 010 | @a978-7-5628-3615-5@dCNY43.80 | |
| 100 | @a20130913d2013 em y0chiy0110 ea | |
| 101 | 0 | @achi |
| 102 | @aCN@b310000 | |
| 105 | @aak z 000yy | |
| 106 | @ar | |
| 200 | 1 | @a化工热力学@9hua gong re li xue@f施云海主编@g王艳莉,彭阳峰,彭昌军编写 |
| 205 | @a2版 | |
| 210 | @a上海@c华东理工大学出版社@d2013.08 | |
| 215 | @a388页@c图@d26cm | |
| 300 | @a普通高等教育“十二五”规划教材 | |
| 312 | @a封面英文题名:Chemical engineering thermodynamics | |
| 330 | @a本书针对化工热力学课程的特点,以G函数作为课程内容的主线,分12章分别叙述了流体的p-V-T关系;纯物质的热力学性质及其计算;溶液热力学基础等。 | |
| 333 | @a可作为高等院校化工、轻工、制药工程等相关专业的教材,亦可供从事化学、化工、材料等领域的教师、研究生和科技人员参考 | |
| 510 | 1 | @aChemical engineering thermodynamics@zeng |
| 606 | 0 | @a化工热力学@x高等教育@j教材 |
| 606 | 0 | @a化工热力学 |
| 690 | @aTQ013.1@v5 | |
| 701 | 0 | @a施云海@9shi yun hai@4主编 |
| 702 | 0 | @a王艳莉@9wang yan li@4编写 |
| 702 | 0 | @a彭阳峰@9peng yang feng@4编写 |
| 702 | 0 | @a彭昌军@9peng chang jun@4编写 |
| 801 | 0 | @aCN@b人天书店@c20130913 |
| 905 | @b846530-33@dTQ013.1@e235=2@f4 | |
| 化工热力学/施云海主编/王艳莉,彭阳峰,彭昌军编写.-2版.-上海:华东理工大学出版社,2013.08 |
| 388页:图;26cm |
| 普通高等教育“十二五”规划教材.-使用对象:可作为高等院校化工、轻工、制药工程等相关专业的教材,亦可供从事化学、化工、材料等领域的教师、研究生和科技人员参考 |
| ISBN 978-7-5628-3615-5:CNY43.80 |
| 本书针对化工热力学课程的特点,以G函数作为课程内容的主线,分12章分别叙述了流体的p-V-T关系;纯物质的热力学性质及其计算;溶液热力学基础等。 |
| ● |
| 相关链接 |
|
|
|
|
正题名:化工热力学
索取号:TQ013.1/235=2
 
预约/预借
| 序号 | 登录号 | 条形码 | 馆藏地/架位号 | 状态 | 备注 |
| 1 | 846530 | 208465301 | 第二样本阅览室/ [索取号:TQ013.1/235=2] | 在馆 | |
| 2 | 846531 | 208465310 | 第三借阅区/ [索取号:TQ013.1/235=2] | 在馆 | |
| 3 | 846532 | 208465329 | 第三借阅区/ [索取号:TQ013.1/235=2] | 在馆 | |
| 4 | 846533 | 208465338 | 密集书库-化学系/ [索取号:TQ013.1/235=2] | 在馆 |